000 03253nam0a2200505 4500
001 v19\rc\1664694
005 20260406163816.0
035 _a(NLR Aleph) 005229707
090 _a5592144
_c5592144
100 _a20061002d1892 u y0rusy50 ca
101 0 _arus
102 _aRU
105 _ac z 000cd
135 _acrcn 024aaaba
200 1 _aИоган Гутенберг
_eего жизнь и деятельность в связи с историей книгопечатания
_eбиографический очерк А. А. Бахтиарова
_eс портретом Гутенберга, гравированным в Лейпциге Геданом
210 _aС.-Петербург
_cТипография и хромолитография А. Траншель
_d1892
215 _a94 с., [1] л. портр.
_d18
225 1 _aЖизнь замечательных людей
_eбиографическая библиотека Ф. Павленкова
300 _aЗагл. обл.: Гутенберг
317 _aИмеется также в Гос. лит. музее «XX век» в мемориальной б-ке М. М. Зощенко. Экз. с рукоп. карандаш. пометами (обл. и оборот портр.) и владельч. автогр. М. М. Зощенко с порядковым номером кн. из личного собрания: № 1813 © СПбГБУК «Государственный литературный музей «XX век»
_5ГЛМ «XX век»
325 _aЭлектронная копия издания представлена фрагментарно из фонда Государственного литературного музея «ХХ век»
512 1 _aГутенберг
600 1 _aГутенберг
_bИ.
_fок. 1400 - 1468
_gИоганн
_xБиография
_92269960
_3RU\NLR\AUTH\6601589690
686 3 _aЧ611.63(4Г)4-8Гутенберг
700 1 _7ca
_8rus
_aБахтиаров
_bА. А.
_f1851-1916
_gАнатолий Александрович
_3RU\NLR\AUTH\7766121
_949050
702 1 _4280
_8rus
_7ca
_aГутенберг
_bИ.
_fок. 1399-1468
_gИоганн
_3RU\NLR\AUTH\7772608
_955536
702 1 _4350
_8rus
_7ca
_aГедан
_bГ.
_cгравер
_f19 в.
_gГерман
_3RU\NLR\AUTH\7775843
_958771
702 1 _4390
_8rus
_7ca
_aЗощенко
_bМ. М.
_f1894-1958
_gМихаил Михайлович
_3RU\NLR\AUTH\7710334
_9120112
801 2 _aRU
_bNLR
_c20090213
_2rusmarc
801 0 _aRU
_bNLR
_c20061002
_gpsbo
801 0 _aRU
_bRuMoRGB
_c20061002
_2psbo
801 1 _aRU
_bProSoft-M
_c20061002
_2rusmarc
852 _aNLR
_j18.14.9.44
852 _aNLR
_bБ
_jК1685/Б307
856 0 _uhttps://vivaldi.nlr.ru/ob000000379/view
856 1 _uhttps://vivaldi.nlr.ru/ob000000379/cover
856 2 _uhttps://vivaldi.nlr.ru/ob000000379/text
899 _aГЛМ «XX век»
_y(Зощенко)
942 _cBOOK
980 _aNB
981 4 7 _a(47) Личная библиотека М.М. Зощенко